| 000 | 00598cab a2200217 4500 | ||
|---|---|---|---|
| 001 | WB3037-13 | ||
| 008 | 090401t1994 xxu||||| |||| 00| 0 eng d | ||
| 035 | _a(Sirsi) u61852 | ||
| 041 | _aeng | ||
| 245 | _aUnderneath the arches | ||
| 260 | _c1994 | ||
| 300 | _aLOAN | ||
| 350 | _a0 | ||
| 490 |
_aGuardian _v1 October 1994, 76-77(2) |
||
| 520 | _aDiscusses the many uses to which old railway arches are being put and how Railtrack are renting them out. | ||
| 650 | _aRAILWAY ARCHES | ||
| 650 | _aRAILWAYS | ||
| 690 | _aPROPERTY-COMMERCIAL PROPERTY | ||
| 942 | _n0 | ||
| 948 | _c04/03/1997 | ||
| 999 |
_c38366 _d38366 |
||